<?xml version="1.0" encoding="UTF-8"?>
<record
    xmlns:xsi="http://www.w3.org/2001/XMLSchema-instance"
    xsi:schemaLocation="http://www.loc.gov/MARC21/slim http://www.loc.gov/standards/marcxml/schema/MARC21slim.xsd"
    xmlns="http://www.loc.gov/MARC21/slim">

  <leader>02261nam a22002777a 4500</leader>
  <controlfield tag="003">OSt</controlfield>
  <controlfield tag="005">20260420113633.0</controlfield>
  <controlfield tag="008">260420b        |||||||| |||| 00| 0 eng d</controlfield>
  <datafield tag="020" ind1=" " ind2=" ">
    <subfield code="a">9789588545059</subfield>
  </datafield>
  <datafield tag="035" ind1=" " ind2=" ">
    <subfield code="a">Donaci&#xF3;n</subfield>
  </datafield>
  <datafield tag="040" ind1=" " ind2=" ">
    <subfield code="a">CO-JMCR</subfield>
    <subfield code="b">spa</subfield>
    <subfield code="c">CO-JMCR</subfield>
    <subfield code="d">CO-JMCR</subfield>
    <subfield code="e">rda</subfield>
  </datafield>
  <datafield tag="041" ind1="0" ind2=" ">
    <subfield code="a">spa</subfield>
  </datafield>
  <datafield tag="082" ind1="0" ind2="4">
    <subfield code="a">Co868.08 </subfield>
    <subfield code="b">F84 </subfield>
  </datafield>
  <datafield tag="245" ind1="0" ind2="0">
    <subfield code="a">Fugas de tinta : </subfield>
    <subfield code="b">Cr&#xF3;nicas, cuentos y relatos escritos desde la c&#xE1;rcel / </subfield>
    <subfield code="c">Compilaci&#xF3;n de textos Jos&#xE9; Zuleta y Harold Kremer</subfield>
  </datafield>
  <datafield tag="264" ind1=" " ind2=" ">
    <subfield code="a">Bogot&#xE1; :</subfield>
    <subfield code="b">Taller de Edici&#xF3;n Rocca, </subfield>
    <subfield code="c">2009</subfield>
  </datafield>
  <datafield tag="300" ind1=" " ind2=" ">
    <subfield code="a">160 p&#xE1;ginas :</subfield>
    <subfield code="c">21 cm.</subfield>
  </datafield>
  <datafield tag="490" ind1="0" ind2=" ">
    <subfield code="a">Narrativa ; </subfield>
  </datafield>
  <datafield tag="505" ind1="2" ind2=" ">
    <subfield code="a">C&#xE1;rcel del bosque Barranquilla -- Pepas -- Zapatos nuevos -- Colonia Agr&#xED;cola de Acac&#xED;as Meta -- Un pillo llamado Rora -- La Kikona -- C&#xE1;rcel Bellavista Medell&#xED;n -- Vali&#xF3; la pena -- C&#xE1;rcel del Buen Pastor Cali -- Lo m&#xED;o es la belleza -- Risas desesperadas -- C&#xE1;rcel de Palmira Valle -- La m&#xE1;scara de la falsa sociedad --  Un viaje a mi pasado -- C&#xE1;rcel Modelo Bucaramanga -- La tienda Brooklyn -- Mi primer beso</subfield>
  </datafield>
  <datafield tag="520" ind1="3" ind2=" ">
    <subfield code="a">Los textos seleccionados en esta antolog&#xED;a conservan la naturalidad del lenguaje usado por los autores. Los giros, modos y expresiones propios de la arg&#xF3;tica carcelaria y el habla popular, fueron conservados tal y como estaban expresados en los textos que realizaron. Creemos que estas expresiones propia de la oralidad, enriquecen y aportan elementos para conocer el lenguaje y el mundo en que se desarrollan las historias. As&#xED;, adem&#xE1;s de su riqueza y singularidad literaria, estos textos tienen gran valor como testimonio de un mundo y una realidad pocas veces narrados y que, en este caso, prescienden de cronistas o intermediarios, porque quienes cuentan son los propios protagonistas.
Esperamos que la lectura de estos escritos sea una experencia de reflexi&#xF3;n sobre lo que somos; que en ellos el lector pueda leer otras realidades y comprender otros escenarios de nuestra sociedad y su compleja condici&#xF3;n humana.</subfield>
  </datafield>
  <datafield tag="650" ind1=" " ind2="7">
    <subfield code="a">Belleza personal</subfield>
    <subfield code="v">Cuentos</subfield>
    <subfield code="2">JMCR</subfield>
    <subfield code="9">44610</subfield>
  </datafield>
  <datafield tag="650" ind1=" " ind2="7">
    <subfield code="a">Vivencias</subfield>
    <subfield code="v">Cuentos</subfield>
    <subfield code="2">JMCR</subfield>
    <subfield code="9">44611</subfield>
  </datafield>
  <datafield tag="650" ind1=" " ind2="7">
    <subfield code="a">Cr&#xF3;nicas colombianas</subfield>
    <subfield code="v">Colecciones</subfield>
    <subfield code="2">JMCR</subfield>
    <subfield code="9">13293</subfield>
  </datafield>
  <datafield tag="700" ind1="1" ind2=" ">
    <subfield code="a">Kremer, Harold, </subfield>
    <subfield code="e">Compilador</subfield>
    <subfield code="9">44612</subfield>
  </datafield>
  <datafield tag="700" ind1="1" ind2=" ">
    <subfield code="a">Zuleta, Jos&#xE9;, </subfield>
    <subfield code="e">Compilador</subfield>
    <subfield code="9">44613</subfield>
  </datafield>
  <datafield tag="942" ind1=" " ind2=" ">
    <subfield code="2">ddc</subfield>
    <subfield code="c">BK</subfield>
  </datafield>
  <datafield tag="999" ind1=" " ind2=" ">
    <subfield code="c">31174</subfield>
    <subfield code="d">17558</subfield>
  </datafield>
  <datafield tag="952" ind1=" " ind2=" ">
    <subfield code="0">0</subfield>
    <subfield code="1">0</subfield>
    <subfield code="2">ddc</subfield>
    <subfield code="4">0</subfield>
    <subfield code="7">0</subfield>
    <subfield code="8">NFIC</subfield>
    <subfield code="a">CPL</subfield>
    <subfield code="b">CPL</subfield>
    <subfield code="c">CART</subfield>
    <subfield code="d">2022-02-23</subfield>
    <subfield code="e">Donaci&#xF3;n</subfield>
    <subfield code="l">0</subfield>
    <subfield code="o">Co868.08  F84 </subfield>
    <subfield code="p">201811167</subfield>
    <subfield code="r">2026-04-20 11:34:49</subfield>
    <subfield code="t">Ej. 1</subfield>
    <subfield code="w">2026-04-20</subfield>
    <subfield code="y">BK</subfield>
  </datafield>
</record>
